000 00618nam a2200217Ii 4500
003 JO-AjNU
008 230606s9999||||xx |||||||||||||| ||und||
020 _a978-93-5138-278-2
040 _aJO-AjNU
_beng
_erda
_cJO-AjNU
041 _aeng
050 1 4 _aG155 2015
100 3 _aMurugan, Annamalai,
_eauthor
_95240
245 0 0 _aEvent Tourism And Cross Cultural Communication
250 _a1 ed
264 3 1 _aBengaluru: University Science Press, 2015
300 _a292p
336 _atext
_btxt
_2rdacontent
337 _aunmediated
_bn
_2rdamedia
338 _avolume
_bnc
_2rdacarrier
650 4 _aTourism
_95241
999 _aE2708
_c2706
_d2706